Coastal communities (Record no. 112528)
[ view plain ]
| 000 -LEADER | |
|---|---|
| fixed length control field | 00891cad a22002535a 4500 |
| 001 - CONTROL NUMBER | |
| control field | E153463 |
| 008 - FIXED-LENGTH DATA ELEMENTS--GENERAL INFORMATION | |
| fixed length control field | 110801s2010 xxk f 000 0 eng d |
| 020 1# - INTERNATIONAL STANDARD BOOK NUMBER | |
| International Standard Book Number | 9781842196540 |
| 035 ## - SYSTEM CONTROL NUMBER | |
| System control number | (Sirsi) u153463 |
| 041 0# - LANGUAGE CODE | |
| Language code of text/sound track or separate title | eng |
| 100 1# - MAIN ENTRY--PERSONAL NAME | |
| Personal name | Dumashie, Diane |
| 245 00 - TITLE STATEMENT | |
| Title | Coastal communities |
| Remainder of title | a pro poor approach to negotiating coastal land sales |
| Medium | [electronic resource] |
| 260 ## - PUBLICATION, DISTRIBUTION, ETC. | |
| Place of publication, distribution, etc. | London |
| Name of publisher, distributor, etc. | RICS |
| Date of publication, distribution, etc. | 2010 |
| 490 #0 - SERIES STATEMENT | |
| Series statement | RICS Findings in Built and Rural Environments |
| 520 ## - SUMMARY, ETC. | |
| Summary, etc. | Discusses how planning workshops can assist communities negotiating the sale of coastal land to developers seeking land for tourist sites. Includes a case study. |
| 521 ## - TARGET AUDIENCE NOTE | |
| Target audience note | Advanced |
| 590 ## - LOCAL NOTE (RLIN) | |
| Local note | KA |
| 651 #4 - SUBJECT ADDED ENTRY--GEOGRAPHIC NAME | |
| Geographic name | International |
| 690 ## - LOCAL SUBJECT ADDED ENTRY--TOPICAL TERM (OCLC, RLIN) | |
| Topical term or geographic name as entry element | PROPERTY-ACQUISITION AND DISPOSAL OF PROPERTY |
| 700 1# - ADDED ENTRY--PERSONAL NAME | |
| Personal name | Azzan, Rashid |
| 700 1# - ADDED ENTRY--PERSONAL NAME | |
| Personal name | Said, Ufuzo |
| 856 40 - ELECTRONIC LOCATION AND ACCESS | |
| Uniform Resource Identifier | <a href=""></a> |
| Public note | Broken link - not available |
| 942 ## - ADDED ENTRY ELEMENTS (KOHA) | |
| Suppress in OPAC | 0 |
| Withdrawn status | Lost status | Source of classification or shelving scheme | Damaged status | Not for loan | Home library | Current library | Shelving location | Date acquired | Total Checkouts | Full call number | Barcode | Date last seen | Copy number | Price effective from | Koha item type |
|---|---|---|---|---|---|---|---|---|---|---|---|---|---|---|---|
| Dewey Decimal Classification | Virtual | Virtual | Online | 01/08/2011 | ONLINE PUBLICATION | 153463-1001 | 06/08/2019 | 1 | 06/08/2019 | Book |